000
00238nam a2200097Ia 4500
001
689561
005
20250826161636.0
008
250824s9999 xx 000 0 und d
245
0
_a
GURBET KUŞLARI
_c
ORHAN KEMAL
260
_b
EVEREST YAYYINLARI
999
_c
689561
_d
689561